00604nam a2200217Ia 450000500170000000800410001702000180005804100120007608200150008810000210010324500480012426000360017230000180020865000260022665000200025265000260027265000270029865000290032570000190035470000130037320260429111902.0260429s9999||||xx |||||||||||||| ||und|| a9788119684557 aEnglish a181.4bGUP aGupta, Meenakshi 0aIndian knowledge system / cMeenakshi Gupta aJaipur : bBook Enclave,c2024. ax, 262 p.; hb a History of knowledge a Indian culture a Indigenous knowledge a Traditional knowledge aIndian knowledge systems a Gupta, Shilpy a Shivani